| 000 | 00000nam##2200000za#4500 |
| 001 | 9.587778 |
| 003 | CaOODSP |
| 005 | 20210624194811 |
| 007 | cr ||||||||||| |
| 008 | 150406|2006||||xxc|||||o f|0| 0 fre|d |
| 022 | |a1701-1280 |
| 040 | |aCaOODSP|bfre |
| 041 | |aeng |
| 041 | |afre |
| 043 | |an-cn--- |
| 086 | 1 |aFs70-4/2006-008-PDF |
| 110 | 1 |aCanada. |bMinistère des pêches et des océans. |
| 245 | 10|aCompte rendu du processus consultatif régional des provinces Maritimes sur le cadre de l'évaluation du hareng de 4T : |h[ressource électronique]|bdu 5 au 7 décembre 2005, Centre des pêches du Golfe Moncton, (Nouveau-Brunswick) / |c[par] G. Chaput. |
| 260 | |aMoncton - Nouveau-Brunswick : |bPêches et Océans Canada |cJune 2006. |
| 300 | |a29p.|bréférences, tableaux |
| 490 | 1 |aSecrétariat canadien de consultation scientifique, série des comptes rendus|x1701-1280|v2006/008 |
| 590 | |a11-31-Supp|b2011-12-13 |
| 720 | 1 |aChaput, G |
| 791 | |tProceedings of the Maritime Provinces Regional Advisory Process meeting on the assessment framework for 4T herring : |eeng|w(CaOODSP)9.587777 |
| 830 | #0|aCompte rendu (Secrétariat canadien de consultation scientifique)|x1701-1280|v2006/008|w(CaOODSP)9.500508 |
| 856 | 40|ahttp://publications.gc.ca|qPDF|s191 Ko|uhttps://publications.gc.ca/collections/collection_2011/mpo-dfo/Fs70-4-2006-008.pdf|y2006/008 |